Album Covers by Letter - L - Statistics

General Stats
  • This quiz has been taken 142 times
  • The average score is 9 of 16
Answer Stats
Picture Answer % Correct
Let It Be - The Beatles
87%
Led Zeppelin - Led Zeppelin
80%
Late Registration - Kanye West
74%
London Calling - The Clash
67%
Lemonade - Beyoncé
66%
Let Go - Avril Lavigne
62%
Let It Bleed - The Rolling Stones
52%
Licensed to Ill - Beastie Boys
49%
Loveless - My Bloody Valentine
46%
The Low End Theory - A Tribe Called Quest
44%
Lonerism - Tame Impala
43%
Life After Death - The Notorious B.I.G.
41%
Lungs - Florence + the Machine
41%
Live Through This - Hole
38%
A Love Supreme - John Coltrane
34%
Let God Sort Em Out - Clipse
32%
No matching quizzes found
Score Distribution
Percent of People with Each Score
Percentile by Number Answered
Your Score History
You have not taken this quiz